Afrikan eläimet - Äkkikuolema - Statistics

Yleistilastot
  • Tätä visaa on pelattu 3 631 kertaa
  • Keskiarvotulos 5 / 20
Answers on the Grid
Answers color-coded by a green-red scale on the quiz's grid according to % correct below.
Aavikkokettu
Anakonda
Emu
Gepardi
Gnuu
Jaguaari
Jääkarhu
Kaimaani
Keisaripingviini
Kirahvi
Koala
Kojootti
Komodonvaraani
Kudu
Kultapanda
Leopardi
Maasika
Mandrilli
Mangusti
Norsu
Okapi
Oranki
Pahkasika
Paviaani
Piraija
Rengashäntämaki
Sarvikuono
Servaali
Silmälasikarhu
Simpanssi
Strutsi
Tapiiri
Täplähyeena
Tiikeri
Tukaani
Virtahepo
 
Vastaustilastot
Vastaus % Oikein
Aavikkokettu
53%
Gepardi
52%
Kirahvi
45%
Gnuu
38%
Norsu
34%
Leopardi
30%
Virtahepo
26%
Mangusti
24%
Sarvikuono
23%
Täplähyeena
18%
Okapi
16%
Paviaani
16%
Simpanssi
16%
Strutsi
16%
Pahkasika
15%
Maasika
11%
Rengashäntämaki
8%
Servaali
8%
Kudu
7%
Mandrilli
7%
Ehtoja vastaavia visoja ei löytynyt
Tulosjakauma
Jokaisen tuloksen saaneiden osuus
Persentiili vastausten määrän mukaan
Tuloshistoriasi
Et ole pelannut tätä visaa